000 00323nam a2200133Ia 4500
005 20251222155204.0
008 251222s9999||||xx |||||||||||||| ||spa||
082 _aEDUM.118
100 _aDr.JOSE FLORES BARBOZA
245 0 _aTaller diseño y evaluación circular
250 _aNo ed.
264 _bNo tiene
942 _cLIB
999 _c40048
_d40048